Reforma procesal civil: II Jornadas Nacionales de Derecho Procesal

Kaydedildi:
Detaylı Bibliyografya
Müşterek Yazar: Academia Parlamentaria (Yazar)
Materyal Türü: Kitap
Dil:İspanyolca
Baskı/Yayın Bilgisi: Santiago Ministerio de Justicia 2013
Edisyon:1a. ed
Seri Bilgileri:Cuadernillos Hemiciclo, 12
Konular:
Etiketler: Etiketle
Etiket eklenmemiş, İlk siz ekleyin!

MARC

LEADER 00000cam a2200000 a 4500
001 UCE3278
003 CL-VaPUC
005 20210511001428.0
008 140829e20130000cl 1 spa d
082 0 4 |a 347.05  |b ACA  |2 21 
110 2 |a Academia Parlamentaria  |e author  |9 622052 
245 1 0 |a Reforma procesal civil: II Jornadas Nacionales de Derecho Procesal 
250 |a 1a. ed 
260 |a Santiago  |b Ministerio de Justicia  |c 2013 
300 |a 130 p 
490 0 |a Cuadernillos Hemiciclo, 12 
583 |a last modification  |c 20190909 10:47:50  |k Rodrigo Vera 
650 0 0 |a Derecho procesal penal  |9 255496 
650 0 0 |a Código de procedimiento civil  |9 256305 
650 0 0 |a Derecho civil  |9 255013 
650 0 7 |a REFORMA PROCESAL CIVIL  |2 CL-VaPUC  |9 548780 
942 |c BK 
945 |a dcastane  |d 20140829 08:59:00 
546 |a En Español 
536 |a Ministerio de Justicia 
518 |p Jornadas Nacionales de Derecho Procesal, 2, Santiago, 7 y 8 de noviembre de 2013 
999 |c 384767  |d 384765 
952 |0 0  |1 0  |3 erb  |4 0  |6 347_050000000000000_ACA_2013  |7 0  |8 A  |9 507719  |a BIBDER  |b BIBDER  |i 5111277  |o 347.05 ACA 2013  |p 5111277  |r 2023-01-25  |w 2020-01-23  |y BK  |z Catalogado en:20140829  |k DER 
952 |0 0  |1 0  |3 erb  |4 0  |6 347_050000000000000_ACA_2013  |7 0  |8 A  |9 507720  |a BIBDER  |b BIBDER  |i 5122686  |o 347.05 ACA 2013  |p 5122686  |r 2023-01-25  |w 2020-01-23  |y BK  |z Catalogado en:20141107  |k DER